Please don't leave us out in the cold (Record no. 74235)
[ view plain ]
| 000 -LEADER | |
|---|---|
| fixed length control field | 00975cab a2200193 4500 |
| 001 - CONTROL NUMBER | |
| control field | ABS67486 |
| 008 - FIXED-LENGTH DATA ELEMENTS--GENERAL INFORMATION | |
| fixed length control field | 040304n2004 000 0 eng u |
| 035 ## - SYSTEM CONTROL NUMBER | |
| System control number | (Sirsi) u125328 |
| 100 ## - MAIN ENTRY--PERSONAL NAME | |
| Personal name | Jackson, S. |
| 245 ## - TITLE STATEMENT | |
| Title | Please don't leave us out in the cold |
| 260 ## - PUBLICATION, DISTRIBUTION, ETC. | |
| Date of publication, distribution, etc. | 2004 |
| 490 ## - SERIES STATEMENT | |
| Series statement | Estates Gazette |
| Volume/sequential designation | (0406) 7 February 2004, 136-138(3) |
| 520 ## - SUMMARY, ETC. | |
| Summary, etc. | Summarises some of the history surrounding the provision of disabled access. Looks at public reaction to the provisions of the act and lists some of the needs of disabled people. Argues that ultimately the achievement of a reasonable balance, between the rights of disabled people using services and the resources and capacity of the service provider, is the crux of the provision. |
| 590 ## - LOCAL NOTE (RLIN) | |
| Local note | ABS |
| 650 ## - SUBJECT ADDED ENTRY--TOPICAL TERM | |
| Topical term or geographic name entry element | MANAGEMENT-BUSINESS MANAGEMENT-DISCRIMINATION-DISABILITY DISCRIMINATION-ACCESSIBILITY |
| 650 ## - SUBJECT ADDED ENTRY--TOPICAL TERM | |
| Topical term or geographic name entry element | DISABILITY DISCRIMINATION ACT 1995 |
| 690 ## - LOCAL SUBJECT ADDED ENTRY--TOPICAL TERM (OCLC, RLIN) | |
| Topical term or geographic name as entry element | BUILT ENVIRONMENT-CONSTRUCTION DESIGN |
| 942 ## - ADDED ENTRY ELEMENTS (KOHA) | |
| Suppress in OPAC | 0 |
| Withdrawn status | Lost status | Source of classification or shelving scheme | Damaged status | Not for loan | Home library | Current library | Shelving location | Date acquired | Total Checkouts | Full call number | Barcode | Date last seen | Copy number | Price effective from | Koha item type |
|---|---|---|---|---|---|---|---|---|---|---|---|---|---|---|---|
| Dewey Decimal Classification | London | London | Journal article | 04/03/2004 | ABS67486 | 125328-1001 | 06/08/2019 | 1 | 06/08/2019 | Journal article |